skbl

Dr Suryya Kumar Bhuyan Library Web-OPAC
ডঃ সূৰ্য্য
কুমাৰ ভূঞা পুথিভঁৰাল ৱেব-অ'পেক

All Research Scholars are advised to clear the annual library fees to continue using Library Resources, Remote Access, Plagiarism Test and Library Clearance.

Cotton University Book Fair 2026

Through Judy`s Eyes / (Record no. 3350)

MARC details
000 -LEADER
fixed length control field 00724nam a2200253Ia 4500
001 - CONTROL NUMBER
control field 3362
005 - DATE AND TIME OF LATEST TRANSACTION
control field 20240113233625.0
007 - PHYSICAL DESCRIPTION FIXED FIELD--GENERAL INFORMATION
fixed length control field ta
008 - FIXED-LENGTH DATA ELEMENTS--GENERAL INFORMATION
fixed length control field 050502s1924 a g b000 u eng u
040 ## - CATALOGING SOURCE
Original cataloging agency Cottn College,Assa
041 ## - LANGUAGE CODE
Language code of text/sound track or separate title eng
082 ## - DEWEY DECIMAL CLASSIFICATION NUMBER
Classification number 928
Item number VIC
100 ## - MAIN ENTRY--PERSONAL NAME
Personal name Vickland, E.Elizabeth .
245 #0 - TITLE STATEMENT
Title Through Judy`s Eyes /
Statement of responsibility, etc. E.Elizabeth Vickland.
Medium Textual Documents
250 ## - EDITION STATEMENT
Edition statement Ist ed /
260 ## - PUBLICATION, DISTRIBUTION, ETC.
Place of publication, distribution, etc. Boston :
Name of publisher, distributor, etc. The Judson Press ,
Date of publication, distribution, etc. 1924.
300 ## - PHYSICAL DESCRIPTION
Extent 311pg :
Other physical details ill ;
Dimensions 19cm .
500 ## - GENERAL NOTE
General note A World Wide Guild Missionary in Assam.
504 ## - BIBLIOGRAPHY, ETC. NOTE
Bibliography, etc. note Northern Baptistb Convention 276 Fifth Avenue,New York City
653 ## - INDEX TERM--UNCONTROLLED
Uncontrolled term Biography
942 ## - ADDED ENTRY ELEMENTS (KOHA)
Source of classification or shelving scheme Dewey Decimal Classification
Koha item type Books
Holdings
Withdrawn status Lost status Damaged status Not for loan Collection Home library Current library Date acquired Coded location qualifier Total checkouts Full call number Barcode Date last seen Copy number Price effective from Koha item type
      Not for loan   Dr. Suryya Kumar Bhuyan Library Dr. Suryya Kumar Bhuyan Library 01/02/2012 00000   928 VIC 42/Gift 13/01/2024 1 01/02/2012 Books

Designed and Maintained by Team SKBL
©1901-2026

Powered by Koha